| 000 | 01071nas a2200337 4500 | ||
|---|---|---|---|
| 001 | BR7905242 | ||
| 003 | BR-BrBNA | ||
| 005 | 20231205083914.0 | ||
| 007 | ta | ||
| 008 | 230509b bl.|||p| |||| 00| 00por d | ||
| 040 |
_aBR-BrBNA _bpor _cBiblioteca Nacional de Agricultura |
||
| 041 | _a(Pt) | ||
| 072 | _aF00; U10 | ||
| 100 | 1 | _aGridi-Papp, I.L. | |
| 100 | 1 | _aFuzatto, M.G. | |
| 100 | 1 | _aFerraz, C.A.M. | |
| 100 | 1 | _aSilva, N.M. da | |
| 100 | 1 | _aCia, E. | |
| 100 | 1 | _aRodrigues Filho, F.S. de O. | |
| 100 | 1 | _aCavaleri, P.A. | |
| 245 | 1 | _aEfeito das falhas e respectiva correcao na experimentacao de campo com o algodoeiro [Gossypium spp] | |
| 246 | 1 | _aThe effect of missing plants and its correction in field experimentation with cotton [Gossypium spp] | |
| 650 | _aProducao vegetal | ||
| 650 | _aMatematica | ||
| 650 | _aAlgodao | ||
| 650 | _aEspacamento | ||
| 650 | _aRendimento | ||
| 773 | 0 |
_tBragantia (Brazil) _xISSN 0006-8705 _g(Mar 1979), v. 38(6) p. 47-55 _wBR7905242 |
|
| 909 |
_a202311 _bLúcia _c55 _dLúcia Elande |
||
| 942 |
_2AGRIS _n0 _cANA |
||
| 999 |
_c101943 _d101943 |
||